| 000 | 00403nam a2200157Ia 4500 | ||
|---|---|---|---|
| 008 | 160316s1978 xxu||||| |||| 00| 0 eng d | ||
| 082 |
_a347.060000 _bEGG |
||
| 100 | _aEggleston Richard | ||
| 245 | _aEvidence, proof and probability | ||
| 250 | _a | ||
| 260 |
_aLondon _bWeidenfield and Nicolson _c1978 |
||
| 300 |
_a226p _b _cviii |
||
| 365 | _bGratis | ||
| 650 | _a1. Evidence Theory | ||
| 700 |
_a _a |
||
| 999 |
_c19364 _d19364 |
||